| 000 | 006080000a22001930004500 | ||
|---|---|---|---|
| 001 | 768714001 | ||
| 003 | CO-MdFUSB | ||
| 005 | 20170608102629.0 | ||
| 008 | 170608s2003 cr ||||| |||| 00| 0 spa d | ||
| 022 | _a1409-1968 | ||
| 040 |
_aCO-MdFUSB _bspa _cCO-MdFUSB _dCO-MdFUSB |
||
| 041 | _aspa | ||
| 100 | 1 |
_aCarvalho, Esly Regina _eautor |
|
| 245 | 1 | 0 |
_aDe esto... ¡mejor no hablemos! _b |
| 300 |
_aVolumen 21. Número 1 (2003), Páginas 50-51 _c 27 cm. |
||
| 546 | _aTexto en español | ||
| 773 | 0 |
_tApuntes Pastorales _049442 _960151 _gVolumen 21. Número 1 (2003), Páginas 50-51 _qPágina 50 |
|
| 942 | _cANA | ||
| 999 |
_c60747 _d60747 |
||